Desarrollo de unLinkDesarrollo de un sistema de informacion para la Agencia de Reconversion Industrial
Sparad:
| Huvudupphovsman: | |
|---|---|
| Övriga upphovsmän: | |
| Materialtyp: | Bok |
| Publicerad: |
San José, Costa Rica
1990
|
| Ämnen: | |
| Taggar: |
Lägg till en tagg
Inga taggar, Lägg till första taggen!
|
MARC
| LEADER | 00000nam a2200000Ia 4500 | ||
|---|---|---|---|
| 003 | 007349 | ||
| 005 | 20221231144305.0 | ||
| 008 | 140114s1990 cr a m 000 ||s d | ||
| 040 | |c cru CEDI | ||
| 090 | |a TFG 3076 | ||
| 100 | |a Botey Sobrado, Leonor |9 11471 | ||
| 245 | |a Desarrollo de unLinkDesarrollo de un sistema de informacion para la Agencia de Reconversion Industrial | ||
| 260 | |c 1990 |a San José, Costa Rica | ||
| 300 | |a xiv, 186 páginas ; 28 cm | ||
| 500 | |a Proyecto de graduacion (licenciatura en ingenieria industrial)-- Universidad de Costa Rica. Facultad de Ingeniería. Escuela de Ingenieria Industrial | ||
| 650 | |x SISTEMAS DE INFORMACION EN INDUSTRIA |9 2712 | ||
| 700 | |9 11472 |a Echeverría Peralta, Roger Stanley | ||
| 942 | |c TFG | ||
| 999 | |c 19676 |d 19676 | ||
